Vista normal Vista MARC

Entrada Topical Term

Número de registros utilizados en: 1

001 - CONTROL NUMBER

  • control field: 38277

003 - CONTROL NUMBER IDENTIFIER

  • control field: OSt

005 - DATE AND TIME OF LATEST TRANSACTION

  • control field: 20210610095219.0

008 - FIXED-LENGTH DATA ELEMENTS

  • fixed length control field: 210610|| aca||aabn | a|a d

040 ## - CATALOGING SOURCE

  • Original cataloging agency: OSt
  • Transcribing agency: OSt

150 ## - HEADING--TOPICAL TERM

  • Topical term or geographic name entry element: Microfinanzas
  • General subdivision: practicas

670 ## - SOURCE DATA FOUND

  • Source citation: Work cat.: (OSt)11898: Grupo Consultivo de Ayuda a la Población más pobre : (Washington) 38276, Guía sobre buenas prácticas para los financiadores de las microfinanzas. directrices de consenso sobre microfinanzas / , 2006.